[Event "Indywidualne Mistrzostwa Polski Juniorow - C18"]
[Site "Szczyrk"]
[Date "2013-03-23"]
[Round "8.1"]
[White "Licznerski, Lukasz"]
[Black "Nasuta, Grzegorz"]
[Result "1/2-1/2"]
[WhiteTitle "FM"]
[BlackTitle "k"]
[WhiteElo "2331"]
[BlackElo "2295"]

1. c4 e5 2. Nc3 Nf6 3. Nf3 Nc6 4. d4 exd4 5. Nxd4 Bc5 6. Nxc6 bxc6 7. e3 O-O 8.
Be2 d5 9. O-O Qe7 10. cxd5 Rd8 11. Qc2 cxd5 12. b3 Bb7 13. Bf3 Rac8 14. Bb2 a6
15. Ne2 Nd7 16. Rfd1 c6 17. Ng3 f6 18. Bg4 Bb6 19. Nf5 Qf8 20. Nd4 Qe7 21. Nf5
Qf8 22. Nd4 Qe7 23. Bf5 g6 24. Be6+ Kh8 25. Bh3 Re8 26. Kh1 c5 27. Ne6 Rc6 28.
Nf4 Rd6 29. Rac1 Kg8 30. Nd3 Rc8 31. Qd2 Rc7 32. b4 c4 33. Nf4 Ne5 34. Bd4 Qf7
35. Bxb6 Rxb6 36. Qd4 Rd6 37. Rc2 g5 38. Ne2 Nd3 39. Ng3 Rd8 40. Be6 Qxe6 41.
Rxd3 cxd3 42. Rxc7 Qe5 43. Qxe5 fxe5 44. Nf1 Rc8 45. Rxc8+ Bxc8 46. f3 Kf7 47.
Kg1 Ke6 48. Kf2 Kd6 49. e4 d4 50. Nd2 Be6 51. a3 Kc6 52. a4 Kb6 53. Ke1 a5 54.
bxa5+ Kxa5 55. g4 1/2-1/2

[Event "Indywidualne Mistrzostwa Polski Juniorow - C18"]
[Site "Szczyrk"]
[Date "2013-03-23"]
[Round "8.2"]
[White "Nowicki, Bartosz"]
[Black "Jarmula, Pawel"]
[Result "1-0"]
[WhiteTitle "k"]
[BlackTitle "k"]
[WhiteElo "2156"]
[BlackElo "2197"]

1. e4 c5 2. Nf3 d6 3. d4 cxd4 4. Nxd4 Nf6 5. Nc3 a6 6. Be2 e5 7. Nb3 Be7 8. O-O
O-O 9. a4 Be6 10. Bf3 Nbd7 11. Re1 Qc7 12. a5 Rfc8 13. Be3 h6 14. h3 Rab8 15.
Ba7 Ra8 16. Be3 b5 17. axb6 Nxb6 18. Bxb6 Qxb6 19. Nd5 Bxd5 20. exd5 a5 21. Ra2
Rc7 22. Qd3 Qb4 23. Nd2 Nd7 24. c3 Qb8 25. Rea1 Rca7 26. Bd1 Qb7 27. Bc2 g6 28.
Nc4 Nc5 29. Qg3 a4 30. Bxg6 fxg6 31. Qxg6+ Kf8 32. Qxh6+ Ke8 33. Nxd6+ Bxd6 34.
Qxd6 Qc7 35. Qxc7 Rxc7 36. b4 Ne4 37. Rxa4 Rxa4 38. Rxa4 Nxc3 39. d6 Rb7 40. Ra5
Nb5 41. h4 Kd7 42. h5 Ke6 43. d7 Kxd7 44. h6 Kc6 45. g4 Nd4 46. Kg2 Kd6 47. Ra6+
Ke7 48. g5 Rb8 49. g6 Kf8 50. Ra7 Kg8 51. Kh3 Nc6 52. Rd7 Rxb4 53. Rc7 Nd8 54.
Re7 1-0

[Event "Indywidualne Mistrzostwa Polski Juniorow - C18"]
[Site "Szczyrk"]
[Date "2013-03-23"]
[Round "8.3"]
[White "Musialkiewicz, Jan"]
[Black "Lewtak, Damian"]
[Result "1-0"]
[WhiteTitle "k+"]
[BlackTitle "m"]
[WhiteElo "2243"]
[BlackElo "2224"]

1. d4 d5 2. c4 c6 3. Nc3 Nf6 4. e3 e6 5. Nf3 Nbd7 6. Bd3 dxc4 7. Bxc4 b5 8. Bd3
a6 9. e4 c5 10. d5 exd5 11. e5 Ng4 12. Nxd5 Ndxe5 13. O-O Nxd3 14. Qxd3 Be6 15.
Re1 Be7 16. Bg5 Nf6 17. Bxf6 gxf6 18. Rad1 Ra7 19. Qe4 Rd7 20. Ne3 O-O 21. Rxd7
Qxd7 22. Rd1 Qc7 23. Rd5 Rd8 24. Rh5 f5 25. Nxf5 Qf4 26. Nxe7+ Kf8 27. Qe1 Kxe7
28. Rxc5 Qd6 29. Rc1 Kf8 30. h3 Bxa2 31. Qc3 Be6 32. Qh8+ Ke7 33. Qxh7 Qf4 34.
Re1 Rc8 35. Qd3 Qc4 36. Qe3 b4 37. Nd4 Rc5 38. Nxe6 fxe6 39. Qg3 Rf5 40. Qg7+
Rf7 41. Qg5+ Rf6 42. Rc1 Qf4 43. Qc5+ Kf7 44. Rc4 Qd2 45. Qa7+ Kg6 46. Rg4+ Kf5
47. Qc5+ e5 48. Rxb4 Rd6 49. Rb8 Qh6 50. g4+ Ke4 51. Rb4+ Rd4 52. Rxd4+ 1-0

[Event "Indywidualne Mistrzostwa Polski Juniorow - C18"]
[Site "Szczyrk"]
[Date "2013-03-23"]
[Round "8.4"]
[White "Malec, Sebastian"]
[Black "Tomsia, Kamil"]
[Result "0-1"]
[WhiteTitle "k"]
[BlackTitle "I++"]
[WhiteElo "2171"]
[BlackElo "2141"]

1. e4 c5 2. Nf3 d6 3. d4 cxd4 4. Nxd4 Nf6 5. Nc3 Nc6 6. Bc4 e6 7. Be3 a6 8. Qe2
Bd7 9. a3 Be7 10. Ba2 O-O 11. O-O-O Qc7 12. Rhg1 b5 13. g4 b4 14. axb4 Nxb4 15.
Bb3 d5 16. e5 Qxe5 17. f4 Qc7 18. g5 Ne4 19. Nxe4 dxe4 20. f5 exf5 21. g6 Kh8
22. Qh5 fxg6 23. Rxg6 Be8 24. Rdg1 Bxg6 25. Rxg6 Nd3+ 26. Kb1 Nf4 27. Bxf4 Qxf4
28. Ne6 Qf3 29. Qxf3 exf3 30. Nxf8 f2 31. Bc4 hxg6 32. Nxg6+ Kh7 33. Nxe7 Re8
34. Nxf5 Re1+ 35. Ka2 f1=Q 36. Bxf1 Rxf1 37. Nd4 Rf2 38. h3 Rh2 39. c4 Rxh3 40.
c5 Rh4 41. Ne6 Kg6 42. Kb3 Kf6 43. Nc7 g5 44. c6 g4 45. Nd5+ Ke6 46. c7 Kd7 47.
Ka4 g3+ 48. Ka5 Rh5 49. Kxa6 Rxd5 50. Kb7 Rb5+ 0-1

[Event "Indywidualne Mistrzostwa Polski Juniorow - C18"]
[Site "Szczyrk"]
[Date "2013-03-23"]
[Round "8.5"]
[White "Musialkiewicz, Pawel"]
[Black "Pietruszewski, Marcin"]
[Result "1/2-1/2"]
[WhiteTitle "k"]
[BlackTitle "k"]
[WhiteElo "2182"]
[BlackElo "2107"]

1. c4 Nf6 2. Nc3 c5 3. g3 Nc6 4. Bg2 d6 5. e4 g6 6. Nge2 Bg7 7. O-O O-O 8. d3 Bd7
9. Be3 a6 10. h3 Rb8 11. d4 cxd4 12. Nxd4 Nxd4 13. Bxd4 e5 14. Be3 Qc7 15. Rc1
Qxc4 16. Qxd6 Qe6 17. Rfd1 Rfc8 18. Qd2 Bf8 19. Bg5 Be8 20. Nd5 Nxd5 21. exd5
Qd6 22. f4 Bg7 23. Qe3 Bd7 24. Rf1 Rxc1 25. Rxc1 Rc8 26. Rxc8+ Bxc8 27. Kh2 Bd7
28. Qb3 b5 29. Qe3 f5 30. fxe5 Bxe5 31. Bf4 Bxf4 32. Qxf4 Qxf4 33. gxf4 Kf7 34.
Kg3 Ke7 35. b4 Kd6 36. Kf2 h6 37. h4 Bc8 38. Ke3 Bb7 39. Kd4 Ba8 40. a3 Bb7 41.
Bf3 1/2-1/2

[Event "Indywidualne Mistrzostwa Polski Juniorow - C18"]
[Site "Szczyrk"]
[Date "2013-03-23"]
[Round "8.6"]
[White "Zochowski, Kacper"]
[Black "Mroziak, Maciej"]
[Result "0-1"]
[WhiteTitle "I++"]
[BlackTitle "I++"]
[WhiteElo "2083"]
[BlackElo "2149"]

1. e4 c5 2. Nf3 d6 3. d4 cxd4 4. Nxd4 Nf6 5. Nc3 a6 6. f4 e6 7. Bd3 Qc7 8. Nf3
Nbd7 9. O-O Be7 10. Qe1 Nc5 11. a3 b5 12. b4 Nxd3 13. cxd3 e5 14. Kh1 O-O 15.
Bb2 exf4 16. Qd2 Be6 17. Qxf4 Rac8 18. Nd4 Rfe8 19. Nf5 Bxf5 20. Qxf5 Qd7 21.
Qf2 Bd8 22. Qd4 Re5 23. Rac1 Rc6 24. Qf2 Ng4 25. Qf3 Rh5 26. h3 Rh6 27. Nd5 Ne5
28. Qe2 Bg5 29. Rxc6 Nxc6 30. Bc1 Nd4 31. Qf2 Ne6 32. Qf5 Rg6 33. Bb2 Nf8 34.
Qf3 h6 35. Qf5 Re6 36. Bc1 Rg6 37. Bb2 Re6 38. Bc1 Rg6 39. Bxg5 Rxg5 40. Qf2 Ng6
41. Rc1 f5 42. Qd4 Qe6 43. Rc7 Qe5 44. Qxe5 dxe5 45. Rc6 f4 46. Rc2 Nh4 47. Rf2
Rg3 48. Ne7+ Kh7 49. Nc6 f3 50. gxf3 Nxf3 51. Rf1 g5 52. Rd1 h5 53. h4 gxh4 54.
d4 h3 55. Nxe5 Nxe5 56. dxe5 Rxa3 57. Rd6 Kg7 58. Kh2 Kf7 59. Rf6+ Ke7 60. Rh6
Ra4 61. Kg3 Rxb4 62. Kf4 Rb1 63. Rh7+ Ke6 64. Rh6+ Kd7 65. Rxh5 Rf1+ 66. Kg4 Ke6
67. Rxh3 Kxe5 0-1

[Event "Indywidualne Mistrzostwa Polski Juniorow - C18"]
[Site "Szczyrk"]
[Date "2013-03-23"]
[Round "8.7"]
[White "Budzinski, Jan"]
[Black "Lewicki, Miroslaw"]
[Result "1-0"]
[WhiteTitle "I+"]
[BlackTitle "CM"]
[WhiteElo "1984"]
[BlackElo "2208"]

1. e4 c5 2. Nc3 d6 3. f4 g6 4. Nf3 Bg7 5. Bc4 e6 6. d3 Ne7 7. O-O Nbc6 8. Qe1 a6
9. f5 b5 10. Bb3 Qb6 11. fxe6 Bxe6 12. Bxe6 fxe6 13. Qg3 Nd4 14. Nxd4 Bxd4+ 15.
Kh1 Kd7 16. Bg5 Raf8 17. Bxe7 Kxe7 18. Qh4+ Ke8 19. Rxf8+ Kxf8 20. Rf1+ Ke8 21.
Qg4 Ke7 22. Qf4 Kd8 23. Qf7 Re8 24. Qxh7 c4 25. Qxg6 Qc5 26. Qf7 cxd3 27. cxd3
b4 28. Ne2 Bxb2 29. Qb7 Qc7 30. Qxb4 Be5 31. Rc1 Qd7 32. Qa5+ 1-0

[Event "Indywidualne Mistrzostwa Polski Juniorow - C18"]
[Site "Szczyrk"]
[Date "2013-03-23"]
[Round "8.8"]
[White "Cukrowski, Filip"]
[Black "Poswiatowski, Michal"]
[Result "1/2-1/2"]
[WhiteTitle "k"]
[BlackTitle "I+"]
[WhiteElo "2163"]
[BlackElo "2076"]

1. e4 c5 2. Nf3 d6 3. d4 cxd4 4. Nxd4 Nf6 5. Nc3 a6 6. Bg5 e6 7. f4 Nc6 8. Nxc6
bxc6 9. e5 h6 10. Bxf6 gxf6 11. exd6 Qxd6 12. Qxd6 Bxd6 13. g3 Bb7 14. Bg2 O-O-O
15. O-O-O f5 16. Rd3 Be7 17. Re1 Kc7 18. Bf3 Rxd3 19. cxd3 c5 20. Bh5 Rf8 21.
Kc2 Bf6 22. Nd1 Bd5 23. b3 Bd4 24. Ne3 Kc6 25. h3 Kd6 26. Re2 a5 27. Nxd5 Kxd5
28. Bf3+ Kd6 29. Bh5 Kd5 30. Bf3+ Kd6 31. Bh5 Kd5 32. Bf3+ 1/2-1/2

[Event "Indywidualne Mistrzostwa Polski Juniorow - C18"]
[Site "Szczyrk"]
[Date "2013-03-23"]
[Round "8.9"]
[White "Borawski, Jakub"]
[Black "Stankiewicz, Pawel"]
[Result "1/2-1/2"]
[WhiteTitle "I"]
[BlackTitle "k"]
[WhiteElo "1946"]
[BlackElo "2108"]

1. e4 c5 2. Nf3 e6 3. d4 cxd4 4. Nxd4 Nf6 5. Bd3 Qb6 6. Nb3 Qc7 7. f4 d6 8. Qf3
Nbd7 9. Be3 a6 10. N1d2 b5 11. a4 b4 12. a5 Bb7 13. Qe2 Be7 14. O-O O-O 15. g4
d5 16. e5 Ne4 17. Bd4 Nxd2 18. Qxd2 f6 19. Qe3 fxe5 20. fxe5 Rxf1+ 21. Rxf1 Rf8
22. Rxf8+ Bxf8 23. h4 Qd8 24. h5 Qh4 25. Qf4 Be7 26. Bf2 Qg5 27. Qxg5 Bxg5 28.
Nc5 Nxc5 29. Bxc5 Bc1 30. Bd4 h6 31. Kf2 Kf8 32. Bc5+ Kg8 33. Bd4 Kf8 34. Bc5+
Kg8 35. Bd4 1/2-1/2

[Event "Indywidualne Mistrzostwa Polski Juniorow - C18"]
[Site "Szczyrk"]
[Date "2013-03-23"]
[Round "8.10"]
[White "Faron, Rafal"]
[Black "Zielinski, Maciej"]
[Result "0-1"]
[WhiteTitle "I"]
[BlackTitle "I++"]
[WhiteElo "1894"]
[BlackElo "2091"]

1. d4 Nf6 2. c4 c5 3. Nf3 cxd4 4. Nxd4 Nc6 5. Nc3 g6 6. e4 Bg7 7. Be3 Ng4 8. Nxc6
Nxe3 9. Nxd8 Nxd1 10. Kxd1 Bxc3 11. Nxf7 Bxb2 12. Rb1 Kxf7 13. Rxb2 d6 14. Bd3
b6 15. Kd2 Be6 16. f4 Rhc8 17. Rc2 Rc5 18. h4 Rac8 19. Rhc1 Kf6 20. Ke3 h6 21.
g3 g5 22. hxg5+ hxg5 23. Kd4 Kg7 24. Re1 Bf7 25. e5 dxe5+ 26. Rxe5 Rd8+ 27. Ke3
gxf4+ 28. gxf4 Rxe5+ 29. fxe5 Rxd3+ 30. Kxd3 Bg6+ 31. Kc3 Bxc2 32. Kxc2 Kg6 33.
Kc3 Kf5 34. Kd4 e6 35. c5 bxc5+ 36. Kxc5 Kxe5 37. a4 Kf4 38. a5 e5 39. a6 e4 40.
Kc6 e3 41. Kb7 e2 42. Kxa7 e1=Q 43. Kb7 Qe7+ 44. Kb8 Qd8+ 45. Kb7 Qd7+ 46. Ka8
Qc7 0-1

[Event "Indywidualne Mistrzostwa Polski Juniorow - C18"]
[Site "Szczyrk"]
[Date "2013-03-23"]
[Round "8.11"]
[White "Kwiatkowski, Wiktor"]
[Black "Adamowicz, Maciej"]
[Result "1/2-1/2"]
[WhiteTitle "I"]
[BlackTitle "I++"]
[WhiteElo "1949"]
[BlackElo "2042"]

1. e4 c5 2. Nf3 g6 3. c3 Bg7 4. d4 cxd4 5. cxd4 d5 6. exd5 Nf6 7. Qa4+ Nbd7 8.
Nc3 O-O 9. Bc4 a6 10. Qb4 b5 11. Bb3 Nb6 12. a4 bxa4 13. Nxa4 Nbxd5 14. Qc4 Bd7
15. Nc3 Nxc3 16. bxc3 Bb5 17. Qb4 Nd5 18. Qc5 e6 19. c4 Rc8 20. Qa3 Bxc4 21. Bxc4
Rxc4 22. Qxa6 Qc7 23. O-O Nb4 24. Qa7 Qxa7 25. Rxa7 Nc2 26. Ba3 Nxa3 27. Rxa3
Bxd4 28. Nxd4 Rxd4 29. Ra2 Rfd8 30. h3 e5 31. Kh2 Rd1 32. Rxd1 Rxd1 33. Kg3 Rd3+
34. Kh2 Kg7 35. Re2 Kf6 36. g3 Kf5 37. Kg2 e4 38. Ra2 h5 39. Ra5+ Ke6 40. Ra4
f5 41. Ra6+ Rd6 42. Ra5 h4 43. Rb5 hxg3 44. Kxg3 Rd3+ 45. Kg2 g5 46. Ra5 Rd5 47.
Ra6+ Ke5 48. Rg6 Kf4 49. Ra6 Rd3 50. Ra4 Ke5 51. Ra8 Rd6 52. Rg8 Kf4 53. Ra8 Rg6
54. Ra3 g4 55. hxg4 Kxg4 56. Rg3+ Kh5 57. Rxg6 Kxg6 58. f3 e3 59. f4 Kh5 60. Kf3
1/2-1/2

[Event "Indywidualne Mistrzostwa Polski Juniorow - C18"]
[Site "Szczyrk"]
[Date "2013-03-23"]
[Round "8.12"]
[White "Lapaj, Mateusz"]
[Black "Klimek, Marcin"]
[Result "1/2-1/2"]
[WhiteTitle "I++"]
[BlackTitle "I"]
[WhiteElo "2044"]
[BlackElo "1819"]

1. e4 c5 2. Nc3 a6 3. a4 b6 4. Nge2 Bb7 5. d4 g6 6. Be3 d6 7. a5 Nd7 8. axb6 Qxb6
9. Na4 Qc7 10. Nec3 Ngf6 11. d5 Bg7 12. Be2 O-O 13. O-O Rfb8 14. Qd2 Bc8 15. Ra2
Ne5 16. f3 Bd7 17. Rfa1 Bb5 18. Nb6 Rxb6 19. Nxb5 Qb7 20. Nc3 Rxb2 21. Rxa6 Rxa6
22. Rxa6 Nfd7 23. Na4 Rb1+ 24. Kf2 Rb4 25. c3 Rb1 26. f4 Nf6 27. Bd3 Nxd3+ 28.
Qxd3 Nxe4+ 29. Qxe4 Qxa6 30. Qxb1 Qxa4 31. Qd3 Qb3 32. Bd2 h5 33. Ke2 e6 34. c4
Qxd3+ 35. Kxd3 Bd4 36. h3 exd5 37. cxd5 Kf8 38. g4 hxg4 39. hxg4 f5 40. gxf5 gxf5
41. Be1 Kf7 42. Ba5 Bf6 43. Kc4 Bb2 44. Bd8 Bf6 45. Ba5 Ke7 46. Be1 Kd7 47. Kb5
Kc7 48. Bf2 Kd7 49. Be1 Ke7 50. Kc4 Kf7 51. Ba5 Kg6 52. Kb5 Kh5 53. Kc6 Kg4 54.
Kxd6 Kxf4 55. Kxc5 1/2-1/2

[Event "Indywidualne Mistrzostwa Polski Juniorow - C18"]
[Site "Szczyrk"]
[Date "2013-03-23"]
[Round "8.13"]
[White "Knapik, Andrzej"]
[Black "Eggink, Mateusz"]
[Result "0-1"]
[WhiteTitle "I"]
[BlackTitle "I"]
[WhiteElo "1913"]
[BlackElo "2035"]

1. e4 c5 2. Nf3 d6 3. d4 cxd4 4. Nxd4 Nf6 5. Nc3 a6 6. Bc4 e6 7. Bb3 Be7 8. O-O
O-O 9. a4 Qc7 10. f4 Nbd7 11. f5 Nc5 12. fxe6 fxe6 13. Ba2 Kh8 14. Qe2 Qb6 15.
Kh1 Bd7 16. Be3 Qxb2 17. Qc4 Nfxe4 18. Nxe4 Rxf1+ 19. Rxf1 b5 20. Qc3 Qxa2 21.
Bh6 e5 22. Nxc5 Rf8 23. Rxf8+ Bxf8 24. Ndb3 gxh6 25. Nd3 bxa4 26. Ndc1 Qb1 27.
Qf3 Be7 28. Qa8+ Kg7 0-1

[Event "Indywidualne Mistrzostwa Polski Juniorow - C18"]
[Site "Szczyrk"]
[Date "2013-03-23"]
[Round "8.14"]
[White "Jachym, Adam"]
[Black "Zareba, Grzegorz"]
[Result "0-1"]
[WhiteTitle "II+"]
[BlackTitle "I"]
[WhiteElo "1934"]
[BlackElo "1968"]

1. e4 d6 2. d4 g6 3. Nf3 Bg7 4. c3 Nd7 5. Bc4 e5 6. Bxf7+ Kxf7 7. Ng5+ Ke7 8. Qb3
Nh6 9. Ne6 Qg8 10. Nxc7 Qxb3 11. axb3 Rb8 12. dxe5 Nxe5 13. Rxa7 Nc6 14. Ra2 Be6
15. Nxe6 Kxe6 16. O-O Rhf8 17. Nd2 Ng4 18. Nc4 Nge5 19. Nb6 Ne7 20. Be3 Nd7 21.
Rfa1 Nxb6 22. Bxb6 Nc6 23. f3 g5 24. h3 h6 25. Kf2 Kd7 26. Ke3 Ne7 27. Ra5 Kc6
28. Bd4 Bxd4+ 29. Kxd4 Ng6 30. Ke3 Rbe8 31. Rd1 Nh4 32. Rd2 Re5 33. b4 Nf5+ 34.
Kd3 Ne7 35. c4 Kc7 36. Kc3 Nc6 37. Rad5 Rxd5 38. Rxd5 Ne7 39. Rd1 Kc6 40. b5+
Kc7 41. b4 Ra8 42. c5 Nc8 43. Kc4 b6 44. c6 Ra2 45. Rg1 Rf2 46. h4 g4 47. fxg4
Rf4 48. Kd4 Rxg4 49. g3 Na7 50. Ke3 Nxb5 51. Kf3 h5 52. Rd1 Kxc6 53. Rd5 Nc3 54.
Rxh5 Rxe4 55. b5+ Kd7 56. Rh8 Re8 57. Rh7+ Re7 58. Rh8 Nxb5 59. h5 Nd4+ 60. Kg4
Rg7+ 61. Kh3 Ne6 62. Kh4 Ng5 63. h6 Rh7 64. Rf8 Nf7 65. Rxf7+ Rxf7 66. g4 Ke7
67. Kh5 Kf8 68. g5 Kg8 69. g6 Rf5+ 70. Kg4 Rf1 0-1

[Event "Indywidualne Mistrzostwa Polski Juniorow - C18"]
[Site "Szczyrk"]
[Date "2013-03-23"]
[Round "8.15"]
[White "Szewczyk, Mariusz"]
[Black "Adamczewski, Jedrzej"]
[Result "1/2-1/2"]
[WhiteTitle "I++"]
[BlackTitle "I"]
[WhiteElo "2093"]
[BlackElo "1861"]

1. e4 c5 2. Nf3 Nc6 3. Bb5 g6 4. c3 Nf6 5. e5 Nd5 6. O-O Bg7 7. d4 cxd4 8. cxd4
O-O 9. Nc3 Nc7 10. Bxc6 dxc6 11. Be3 Be6 12. Qd2 Bd5 13. Nxd5 Qxd5 14. Qb4 Qd7
15. Qd2 Rfd8 16. Rfd1 Ne6 17. b4 a6 18. a4 Qe8 19. Qc3 Nc7 20. Nd2 Nd5 21. Qb3
Bf8 22. Ne4 a5 23. bxa5 Rxa5 24. Nc5 Ra7 25. a5 Rda8 26. Nxb7 Qc8 27. Rdb1 e6
28. Bd2 Rb8 29. a6 Rba8 30. Qc4 Nc7 31. Qxc6 Rxa6 32. Rxa6 Nxa6 33. d5 exd5 34.
Qxd5 Rb8 35. Qe4 Qd7 36. Bf4 Qe6 37. h3 h5 38. f3 Nc7 39. Nd6 Rxb1+ 40. Qxb1 Nd5
41. Bh2 Nc3 42. Qd3 Nd5 43. Qe4 Nc3 44. Qc4 Nd5 45. Bg3 Kg7 46. Kh2 Be7 47. Qc8
h4 48. Bxh4 Bxh4 49. Qxe6 fxe6 50. g3 Be7 51. Ne4 1/2-1/2

[Event "Indywidualne Mistrzostwa Polski Juniorow - C18"]
[Site "Szczyrk"]
[Date "2013-03-23"]
[Round "8.16"]
[White "Paszewski, Mateusz"]
[Black "Grzeskow, Adrian"]
[Result "1/2-1/2"]
[WhiteTitle "I++"]
[BlackTitle "I"]
[WhiteElo "2065"]
[BlackElo "1885"]

1. e4 c6 2. d4 d5 3. Nc3 dxe4 4. Nxe4 Nf6 5. Nxf6+ exf6 6. c3 Bd6 7. Bd3 O-O 8.
Qc2 h6 9. Ne2 Bg4 10. Be3 Qc7 11. h3 Be6 12. O-O Re8 13. c4 Qd7 14. Qd2 Bf5 15.
Rad1 Bxd3 16. Qxd3 Na6 17. Rfe1 Rad8 18. Nc3 Bb4 19. a3 Bxc3 20. Qxc3 Qf5 21.
Qd3 Qxd3 22. Rxd3 Nc5 23. Rdd1 Nb3 24. d5 c5 25. Rd3 Nd4 26. Kf1 Nc2 27. Re2 Nxe3+
28. Rexe3 Rxe3 29. Rxe3 Kf8 30. b4 cxb4 31. axb4 b5 32. Ra3 bxc4 33. Rxa7 Rxd5
34. Rc7 Rd4 35. b5 Rd1+ 36. Ke2 Rb1 37. Rxc4 Rxb5 38. Rc7 g5 39. g3 Kg7 40. Kf3
f5 41. Rc4 Rb3+ 1/2-1/2

[Event "Indywidualne Mistrzostwa Polski Juniorow - C18"]
[Site "Szczyrk"]
[Date "2013-03-23"]
[Round "8.17"]
[White "Suliborski, Jakub"]
[Black "Jaskolka, Tomasz"]
[Result "0-1"]
[WhiteTitle "I++"]
[BlackTitle "I++"]
[WhiteElo "1996"]
[BlackElo "2038"]

1. d4 d5 2. c4 e6 3. Nc3 Nf6 4. Nf3 Be7 5. g3 b6 6. Bg2 Bb7 7. Ne5 O-O 8. O-O Ne4
9. cxd5 exd5 10. Qc2 f6 11. Nd3 f5 12. Nf4 Qd7 13. Qb3 Nxc3 14. bxc3 c6 15. f3
Ba6 16. Re1 Bc4 17. Qc2 c5 18. e4 cxd4 19. exf5 Bc5 20. Kh1 dxc3 21. Ne6 Nc6 22.
Nxc5 bxc5 23. Qxc3 Nb4 24. g4 Nxa2 25. Qd2 Nb4 26. Qg5 Rae8 27. Bd2 Rxe1+ 28.
Rxe1 Re8 29. f6 Rxe1+ 30. Bxe1 h6 31. Qg6 Qf7 32. Qf5 Qxf6 33. Qc8+ Kh7 34. Qxc5
Nd3 35. Qa5 Qb2 36. Bf1 Nf4 37. Qd2 Qxd2 38. Bxd2 Ne6 39. Kg2 Nd4 40. Bxc4 dxc4
41. Kf2 Kg6 42. Ke3 Nb5 43. Ke4 c3 44. Bc1 a5 45. Kd3 a4 46. h4 a3 47. Bxa3 Nxa3
48. Kxc3 Kf6 49. f4 h5 50. gxh5 Kf5 51. Kd3 Kxf4 52. Ke2 Kg4 53. h6 gxh6 54. Kf2
Kxh4 55. Kg2 Kg4 56. Kh1 Kg3 57. Kg1 Nc2 58. Kh1 h5 59. Kg1 Ne3 0-1

[Event "Indywidualne Mistrzostwa Polski Juniorow - C18"]
[Site "Szczyrk"]
[Date "2013-03-23"]
[Round "8.18"]
[White "Dzierzak, Radoslaw"]
[Black "Kanarkiewicz, Michal"]
[Result "0-1"]
[WhiteTitle "I+"]
[BlackTitle "I"]
[WhiteElo "1912"]
[BlackElo "2056"]

1. e4 g6 2. d4 Bg7 3. Nf3 d6 4. Nc3 a6 5. a4 Nf6 6. Bc4 O-O 7. Qe2 c6 8. O-O d5
9. Bd3 dxe4 10. Nxe4 Nxe4 11. Bxe4 Nd7 12. c3 Qc7 13. Bg5 e5 14. dxe5 Nxe5 15.
Nxe5 Qxe5 16. f4 Qc5+ 17. Kh1 Re8 18. Qc2 f5 19. Bf3 Be6 20. Rad1 Bc4 21. Rfe1
Re3 22. Rxe3 Qxe3 23. Qd2 Qxd2 24. Rxd2 Re8 25. h3 Be6 26. Kg1 Kf7 27. Kf2 Bf8
28. g4 h6 29. Bd8 Bc5+ 30. Kg3 Be3 31. Rd1 Bc5 32. b4 Be7 33. Bb6 Bf6 34. Bd4
Bb3 35. Rd2 Bxd4 36. Rxd4 fxg4 37. Rd7+ Re7 38. Bxg4 Bxa4 39. Rxe7+ Kxe7 40. Bc8
Bb5 41. Bg4 b6 42. h4 h5 43. Bd1 Kf6 44. Kf3 c5 45. Bc2 a5 46. bxc5 bxc5 47. Ke3
a4 48. c4 Bd7 49. Kf3 a3 50. Bb3 Bf5 51. Ba2 Bc2 52. Kf2 Kf5 53. Kf3 Bd1+ 54.
Ke3 Kg4 55. Kd2 Ba4 56. Kc3 Kxf4 57. Bb1 Be8 0-1

[Event "Indywidualne Mistrzostwa Polski Juniorow - C18"]
[Site "Szczyrk"]
[Date "2013-03-23"]
[Round "8.19"]
[White "Dzikowski, Michal"]
[Black "Chmiel, Marcin"]
[Result "1/2-1/2"]
[WhiteTitle "I"]
[BlackTitle "I+"]
[WhiteElo "1879"]
[BlackElo "1978"]

1. d4 d5 2. Nf3 Nf6 3. e3 c5 4. b3 cxd4 5. exd4 g6 6. Be2 Bg7 7. O-O O-O 8. Bb2
Nc6 9. Re1 Bf5 10. Bd3 Bxd3 11. Qxd3 Rc8 12. c3 Ne4 13. Nbd2 f5 14. Qb5 Qd7 15.
Rad1 a6 16. Qe2 b5 17. a3 Na5 18. Nxe4 fxe4 19. Ne5 Qf5 20. b4 Nc4 21. Nxc4 Rxc4
22. Rf1 Rf6 23. f3 exf3 24. Rxf3 Re6 25. Qxc4 bxc4 26. Rxf5 gxf5 27. Kf2 Kf7 28.
a4 Rb6 29. Bc1 e6 30. Bf4 Rb7 31. Kf3 Bf6 32. g3 Ke8 33. Bd6 Kd7 34. Bf4 Ke8 35.
Rd2 Kd7 36. Kf2 h5 37. h4 Rb6 38. Kf3 Rb7 39. Rd1 Be7 40. Rb1 Kc6 1/2-1/2

[Event "Indywidualne Mistrzostwa Polski Juniorow - C18"]
[Site "Szczyrk"]
[Date "2013-03-23"]
[Round "8.20"]
[White "Gora, Jan"]
[Black "Gabryjalowicz, Jakub"]
[Result "1-0"]
[WhiteTitle "I"]
[BlackTitle "I"]
[WhiteElo "1961"]
[BlackElo "1779"]

1. e4 c5 2. a3 g6 3. Bc4 Nc6 4. Nf3 Bg7 5. c3 Qb6 6. d3 d6 7. h3 Nf6 8. b4 cxb4
9. axb4 O-O 10. Be3 Qc7 11. Nbd2 e6 12. Nd4 Nxd4 13. Bxd4 d5 14. exd5 exd5 15.
Bb5 Bd7 16. Bxd7 Nxd7 17. O-O Bxd4 18. cxd4 a5 19. Qb3 Nf6 20. bxa5 Rxa5 21. Rxa5
Qxa5 22. Nf3 b5 23. Rb1 Rb8 24. Ne5 Qc7 25. Qb4 Rb7 26. Qc5 b4 27. Qxc7 Rxc7 28.
Rxb4 Kf8 29. Kf1 Ke7 30. Rb5 Ke6 31. Rb6+ Ke7 32. Nc6+ Kd7 33. Nb4 Ke7 34. Ke2
Rd7 35. Nc6+ Ke6 36. Ne5+ Rd6 37. Rxd6+ Kxd6 38. Nxf7+ Ke6 39. Ne5 Ne8 40. f4
Nd6 41. g4 Nb5 42. Ke3 Nc3 43. Nf3 Kf6 44. Ng5 h6 45. Nf3 Nb5 46. h4 Nc7 47. g5+
hxg5 48. hxg5+ Ke6 49. Nh4 Kf7 50. Nf3 Ke6 51. Ne5 Kf5 52. Nc6 Ke6 53. Kf3 Nb5
54. Kg4 Kf7 55. f5 Kg7 56. f6+ Kh8 57. Kf4 1-0

[Event "Indywidualne Mistrzostwa Polski Juniorow - C18"]
[Site "Szczyrk"]
[Date "2013-03-23"]
[Round "8.21"]
[White "Budnik, Mateusz"]
[Black "Kuspak, Aleksander"]
[Result "1/2-1/2"]
[WhiteTitle "II+"]
[BlackTitle "I"]
[WhiteElo "1701"]
[BlackElo "1926"]

1. e4 c5 2. Nf3 e6 3. d4 cxd4 4. Nxd4 a6 5. Nc3 Qc7 6. Be3 Nf6 7. f3 Be7 8. Qd2
d6 9. Be2 b6 10. O-O-O h5 11. g4 hxg4 12. fxg4 Bb7 13. Bf3 g6 14. Qg2 Nfd7 15.
g5 Nc6 16. h4 Nce5 17. h5 O-O-O 18. hxg6 Nxg6 19. Bh5 Nde5 20. Rdf1 Rhg8 21. Nf3
Nc4 22. Qg1 b5 23. Nd2 Nxe3 24. Qxe3 Rdf8 25. Be2 Ne5 26. Rh5 Rg7 27. Nf3 Nxf3
28. Rxf3 Rfg8 29. Rg3 Qd8 30. Kb1 Rxg5 31. Rgh3 Rxh5 32. Rxh5 Rh8 33. a3 Bf6 34.
Qh3 Rxh5 35. Bxh5 Qc7 36. Nd5 Bxd5 37. exd5 Qe7 38. Bg4 Kd7 39. Qe3 Ke8 40. dxe6
fxe6 41. Qxe6 Qxe6 42. Bxe6 Kd8 43. c4 Kc7 44. b3 Kb6 45. cxb5 Kxb5 46. Bc4+ Kb6
47. Kc2 a5 48. a4 Kc5 49. Ba6 1/2-1/2

[Event "Indywidualne Mistrzostwa Polski Juniorow - C18"]
[Site "Szczyrk"]
[Date "2013-03-23"]
[Round "8.22"]
[White "Moszczenski, Milosz"]
[Black "Kowalczyk, Adam"]
[Result "0-1"]
[WhiteTitle "I"]
[BlackTitle "II+"]
[WhiteElo "1754"]
[BlackElo "1878"]

1. d4 c5 2. d5 Nf6 3. Nf3 b5 4. Bg5 d6 5. Bxf6 exf6 6. e4 a6 7. a4 bxa4 8. c4 Nd7
9. Qxa4 Rb8 10. Nbd2 g6 11. Bd3 Bg7 12. Ra2 O-O 13. O-O Re8 14. b3 Nb6 15. Qa3
f5 16. exf5 gxf5 17. b4 Nd7 18. Rb1 cxb4 19. Rxb4 Rxb4 20. Qxb4 Nc5 21. Bf1 Qf6
22. Qb6 f4 23. h3 Qg6 24. Kh2 Bd7 25. Nb3 Qb1 26. Qxd6 Qxb3 27. Ra5 Bf8 28. Qxf4
Qb6 29. Ng5 Bd6 0-1

[Event "Indywidualne Mistrzostwa Polski Juniorow - C18"]
[Site "Szczyrk"]
[Date "2013-03-23"]
[Round "8.23"]
[White "Worobiej, Daniel"]
[Black "Mikolajczak, Wojciech"]
[Result "1-0"]
[WhiteTitle "I"]
[BlackTitle "II+"]
[WhiteElo "1859"]
[BlackElo "1740"]

1. e4 c5 2. Nf3 Nc6 3. Bb5 d6 4. O-O Bd7 5. Re1 g6 6. c3 Bg7 7. d4 cxd4 8. cxd4
Nf6 9. Nc3 O-O 10. Bg5 a6 11. Bxc6 Bxc6 12. e5 dxe5 13. dxe5 Nd5 14. Qb3 Nxc3
15. Qxc3 Qc7 16. Qc5 e6 17. Be7 Rfe8 18. Bd6 Qc8 19. Qe3 Qd8 20. Qf4 Bxf3 21.
Qxf3 Qb6 22. Rac1 Rac8 23. b4 Bh6 24. Bc5 Qc6 25. Qxc6 Rxc6 26. Rcd1 Bf8 27. Bxf8
Kxf8 28. Rd7 Re7 29. Rd8+ Kg7 30. Red1 Rec7 31. g3 Rc1 32. Kg2 Rxd1 33. Rxd1 Rc2
34. a4 Re2 35. Rd7 b5 36. Ra7 Rxe5 37. Rxa6 bxa4 38. Rxa4 Rb5 39. Kf3 Kf6 40.
Ke4 Ke7 41. Kd4 Rd5+ 42. Kc3 Rh5 43. h4 Rf5 44. Ra2 Kd6 45. Kc4 Kc6 46. f4 Kb6
47. Rd2 Kc6 48. Rd8 e5 49. Rd5 e4 50. Rd4 e3 51. Re4 f6 52. Rxe3 g5 53. hxg5 fxg5
54. Re5 Rxe5 55. fxe5 h5 56. b5+ Kc7 57. e6 h4 58. gxh4 gxh4 59. b6+ Kxb6 60.
e7 1-0